Регионална библиотека "Любен Каравелов" - Русе

Българската народност през ХV век (Запис номер 87116)

MARC детайли
000 -Лидер
Контролно поле с фиксирана дължина 01603nam a2200385 c 4500
003 - Код на организацията, давaща контролен номер
Контролно поле BLK
005 - Дата и час на последна редакция
Контролно поле 20250128005501.0
008 - Елементи от данни с фиксирана дължина
fixed length control field 180408b bul|||||r ||||||| ||bul||
010 ## - Наследен системен номер
LC control number KNG00091746000
040 ## - Източник на каталожния запис
Идентификатор на билиотеката - собственик на записа BLK
041 ## - Код за език
Код за езика на текст/звукозапис или на отделно заглавие Български
Код за езика КДБФ Български
080 ## - УДК
Текстов определител УДК Българските земи през ХV - ХVІ век
УДК код - определител по УДК 94(497.2)"1396/1600"
УДК определител
УДК - код + определител 94(497.2)"1396/1600"
100 1# - Редна дума - Автор
Автор Гандев, Христо
Авторска отговорност първи автор
R(LIN) 366531
139 ## - Редно поле
Редна дума Гандев, Христо
Авторски знак Ган - Г 19
245 10 - Сведения за заглавието
Заглавие Българската народност през ХV век
Подзаглавни данни Демографско и етнографско изследване
Редно поле (дума) Христо Гандев.
250 ## - Област на изданието
Сведения за изданието 2. прераб. изд.
257 ## - Страна на издаване
Страна на създаване/издаване България
260 ## - Област на издателските данни
-- София
Име на издателя, разпространителя и проч. Наука и изкуство
Година на издаване 1989
Печатница Варна : печ. Ст. Добрев-Странджата
300 ## - Физическа характеристика
Страници 328 с.
Размери/Мащаб 22 см
380 ## - Жанр
Жанр История
490 1# - СЕРИИ (Колекции)
Име на серия Българско историческо наследство
500 ## - Общи забележки
Забележка 1. изд. 1972 в библ. Векове. - 3 239 тир.
650 #0 - Допълнително описание по предмет – тема
Основно описание – тема или топоним България - история, османско владичество
9 (RLIN) 245876
650 #7 - Допълнително описание по предмет – тема
Основно описание – тема или топоним България - история, средни векове
Източник на редна или ключова дума
9 (RLIN) 149610
651 #4 - Допълнително описание по предмет - топоним
Географско понятие България
9 (RLIN) 241624
653 ## - Ключова дума – ненормативна
Ключова дума българска история
653 ## - Ключова дума – ненормативна
Ключова дума Средновековие
653 ## - Ключова дума – ненормативна
Ключова дума османско владичество
852 ## - Местоположение
Форматна сигнатура Цб 161238
856 4# - Електронен адрес и достъп
Електронен формат pdf - файл
Път до файла /url/
856 4# - Електронен адрес и достъп
Електронен формат pdf - файл
Път до файла /url/
942 ## - АРТИКУЛИ
Вид на библиотечния материал Книги
Скрит в OPAC Не
Koha issues (borrowed), all copies 2
944 ## - СЪЗДАВАНЕ И РЕДАКЦИЯ на ЗАПИСА
Създаване/Редакция Създаване
Дата на регистрацията/редакция 30.09.2009
Служител, извършил регистрацията/редакцията
Статус, дата на статуса CRON CRON
944 ## - СЪЗДАВАНЕ И РЕДАКЦИЯ на ЗАПИСА
Създаване/Редакция Редакция
Дата на регистрацията/редакция 15.10.2009
Служител, извършил регистрацията/редакцията
999 ## - СИСТЕМНИ КОНТРОЛНИ НОМЕРА
Koha biblionumber 87116
Koha biblioitemnumber 87116
Наличности
Код за отписване Код за изгубен артикул Код за повреда Коз за рестрикции Код за отдаване Артикулен № Име на библиотеката - собственик Име на библиотеката, в която се намира в момента Статус (Текущо местоположение) Дата на вписване в системата Местоположение - отдел Цена в лева Инвентарен номер Систематично азбучна сигнатура Баркод Номер на екземпляра Цена в евро Служебна бележка Служебен тип на артикула Източник на класификационната схема
Изтеглен Не е изгубен Не е повреден без рестрикции заемане за дома 141111 Регионална библиотека "Любен Каравелов" Русе Регионална библиотека "Любен Каравелов" Русе Заемна - подръчен фонд 2009-09-25 Заемна - подръчен фонд 6.40 120000738684 П 949.72.03/Г 19 120000738684 1 3.27 Дост: DA Вид: А N: 12 Дата: 25.09.2009 Дата инв: 08.02.2018 Бележки инв: П2018 Книги  
  Не е изгубен Не е повреден без рестрикции ползва се в читалня 141112 Регионална библиотека "Любен Каравелов" Русе Регионална библиотека "Любен Каравелов" Русе Хранилище 1989-01-01 Хранилище 4.02 528369 Цб 161238 120000528369 2 2.06 Дост: Dp Вид: Д N: стар фонд Дата: 01.01.1989 Книги Universal Decimal Classification
Vip Innovations Ltd, Rousse, Bulgaria 2025